000 00598 am a2200205 4500
001 5211880
003 OSt
005 20190620093116.0
008 040901s1992 nyu 000 0 eng u
020 _a0671722859
050 _aPR 2831
_b.Sh527 1992
082 _aHS 822.33U3
_bSh1 1992
100 1 _aShakespeare, William,
_d1564-1616
_916539
245 1 4 _aThe Tragedy of Romeo and Juliet /
_cWilliam Shakespeare.
260 _aNew York :
_bWashington Square,
_cc1992.
300 _a281 p. :
_bill. ;
_c18 cm.
440 0 _aNew Folger Library Shakespeare
_98925
942 _2lcc
_cBK
999 _c10361
_d10361